| 000 | 00349cam a22001337a 4500 | ||
|---|---|---|---|
| 008 | 180718b1956 xxu||||| |||| 00| 0 eng d | ||
| 082 | _aT25x54 G346/59 | ||
| 100 | _aGhosh, Bimal C. | ||
| 245 |
_aIndustrial organization _cby Bimal C. Ghosh |
||
| 250 | _a2nd ed. | ||
| 260 |
_aLondon _bOUP _c1956 |
||
| 300 | _a306p. | ||
| 650 | _aIndustrial management | ||
| 999 |
_c366286 _d366286 |
||